| 000 | 00560nam a2200169 a 4500 | ||
|---|---|---|---|
| 008 | 120416s1953 ||||||||||||||||| || u | ||
| 050 | _aPF 3640 Wil | ||
| 100 | _aWildhagen, Karl | ||
| 245 | 1 | 0 | _aEnglish-Germany, Germany-English dictionary |
| 246 | _aa comprehensive and strictly... | ||
| 250 | _a6th Unalte | ||
| 260 |
_aLondon _bAllen & Unwin _c1953 |
||
| 300 | _a2 vols. | ||
| 350 | _a0.00 | ||
| 650 | _aDICTIONARIES | ||
| 995 |
_D0.00 _FCBU-MAIN LIBRARY (Kitwe) _H1 _I55.00 _M1 _UREFERENCE _ZReference Collection |
||
| 999 |
_c42032 _d42032 |
||